000 00755nam a2200205 a 4500
001 000040562
005 20201002034221.0
008 130902s2008 sp 000 0 spa d
020 _a9788496045521
040 _aDO-SdBNP
_bspa
_cBNPHU
100 1 _aGonzález Freire, Natividad
_966885
245 1 0 _aDescubriendo a Fidel Castro / :
_bNatividad González Freire ; prólogo de Guillermo Cabrera Infante.
250 _a3a. ed. rev. y aumentada
260 _aMadrid :
_bEditora Pliegos,
_c2008.
300 _a486 p. ; :
_b21 cm.
490 1 _aPliegos de testimonios
500 _aIncluye datos biográficos del autor en la solapa de la cubierta
700 1 _aCabrera Infante, Guillermo
_epról.
_d1929-2005
_914776
830 0 _aPliegos de testimonios
_966886
999 _c40052
_d40052